Members of Organization of the Islamic Cooperation (OIC) - Statistics

General Stats
  • This quiz has been taken 96 times
    60 since last reset
  • The average score is 48 of 56
Answers on the Map
Answers color-coded by a green-red scale on the quiz's map according to % correct below.
 
Answer Stats
Answer % Correct
Egypt
98%
Pakistan
98%
Sudan
98%
Algeria
95%
Chad
95%
Afghanistan
95%
Qatar
95%
Turkey
95%
UAE
95%
Indonesia
95%
Iran
95%
Iraq
95%
Kazakhstan
95%
Libya
95%
Mali
95%
Morocco
95%
Niger
95%
Oman
95%
Saudi Arabia
95%
Tajikistan
95%
Tunisia
95%
Yemen
95%
Bahrain
93%
Malaysia
93%
Jordan
93%
Turkmenistan
93%
Uzbekistan
93%
Nigeria
90%
Azerbaijan
88%
Kyrgyzstan
88%
Lebanon
88%
Mauritania
88%
Senegal
88%
Somalia
88%
Brunei
86%
Burkina Faso
86%
Kuwait
86%
Bangladesh
83%
Guinea
83%
Albania
81%
Benin
81%
Comoros
79%
Guinea Bissau
79%
Togo
79%
Gambia
76%
Maldives
71%
Sierra Leone
71%
Cameroon
69%
Cote d'Ivoire
69%
Djibouti
69%
Gabon
57%
Uganda
57%
Palestine
55%
Surinam
55%
Guyana
52%
Mozambique
48%
No matching quizzes found
Score Distribution
Percent of People with Each Score
Percentile by Number Answered
Your Score History
You have not taken this quiz since the last reset